000
00211 a2200097 4500
001
45537
100
_a
Frackenpohl
245
_a
Harmonization at the piano
260
_a
_b
W M C Brown
_c
090
_c
28703
_d
28703
942
_a
NUST-CAE
_c
M
_c
20784
999
_c
280610
_d
280610